Cursillo de hidroclimatología médica / (Record no. 42340)

MARC details
000 -LEADER
campo de control de longitud fija 00706nam a2200193 i 4500
001 - NÚMERO DE CONTROL
campo de control 42340
003 - IDENTIFICADOR DE NÚMERO DE CONTROL
campo de control ES-MaACL
005 - FECHA Y HORA DE LA ÚLTIMA TRANSACCIÓN
campo de control 20230906160607.0
007 - CAMPO FIJO DE DESCRIPCIÓN FÍSICA--INFORMACIÓN GENERAL
campo de control de longitud fija t|
008 - DATOS DE LONGITUD FIJA--INFORMACIÓN GENERAL
campo de control de longitud fija 030313s1962 sp bf |||| | spa d
100 1# - ENTRADA PRINCIPAL--NOMBRE DE PERSONA
Nombre de persona Castillo de Lucas, Antonio.
9 (RLIN) 36735
245 10 - MENCIÓN DEL TÍTULO
Título Cursillo de hidroclimatología médica /
Mención de responsabilidad, etc. Antonio Castillo de Lucas ; prólogo de Tomás Cerviá.
260 ## - PUBLICACIÓN, DISTRIBUCIÓN, ETC.
Lugar de publicación, distribución, etc. Tenerife :
Nombre del editor, distribuidor, etc. Instituto de Fisiología y Patología Regional,
Fecha de publicación, distribución, etc. 1962.
300 ## - DESCRIPCIÓN FÍSICA
Extensión 155 p., 2 lám., 1 map. pleg ;
Dimensiones 20 cm.
650 04 - PUNTO DE ACCESO ADICIONAL DE MATERIA--TÉRMINO DE MATERIA
Término de materia o nombre geográfico como elemento de entrada Hidroterapia.
9 (RLIN) 13343
700 1# - ENTRADA AGREGADA--NOMBRE PERSONAL
Nombre de persona Cerviá, Tomás (
Fechas asociadas al nombre 1902-1962)
9 (RLIN) 37660
710 2# - ENTRADA AGREGADA--NOMBRE DE ENTIDAD CORPORATIVA
Nombre de entidad corporativa o nombre de jurisdicción como elemento de entrada Instituto de Fisiología y Patología Regionales de Tenerife.
9 (RLIN) 4737
852 ## - LOCALIZACIÓN
Ubicación ES-MaACL
Número de control de estantería C-23643
Holdings
Estatus retirado Estado de pérdida Estado de daño No para préstamo Biblioteca de origen Biblioteca actual Ubicación en estantería Fecha de adquisición Fuente de adquisición Total de préstamos Signatura topográfica completa Código de barras Visto por última vez Precio de reemplazo Tipo de ítem Koha
        Biblioteca del Ateneo de Madrid Biblioteca del Ateneo de Madrid Depósito 2 17/01/2008     C-23643 1044556 23/02/2023 23/02/2023 Libro impreso